Načítá se...

India's economic development : a critique /

Podrobná bibliografie
Hlavní autor: Jha, L. K.
Médium: Printed Book
Jazyk:English
Vydáno: New Delhi: Har - Anand publications, 1991.
LEADER 00464 a2200121 4500
008 100208b ||||| |||| 00| 0 eng d
082 |a 338.9 
100 |a Jha, L. K. 
245 |a India's economic development :   |b a critique / 
260 |b Har - Anand publications,  |a New Delhi:  |c 1991. 
942 |c BK 
999 |c 315445  |d 315445 
952 |0 0  |1 0  |2 ddc  |4 0  |6 338_954000000000000_JHA_IN  |7 0  |9 361546  |a ECN  |b ECN  |c GEN  |d 2010-09-07  |g 0.00  |i 5955  |l 0  |o 338.954 JHA/IN  |p ECN5955  |r 2010-09-07  |w 2010-09-07  |y BK